Antiguaa ja Barbudaa lähinnä olevat maat - minuutin sprintti - Statistics

Yleistilastot
  • Tätä visaa on pelattu 12 kertaa
  • Keskiarvotulos 11 / 20
Vastaustilastot
km maa % Oikein
467 Barbados
100%
154 Dominica
100%
944 Haiti
100%
1414 Jamaika
91%
333 Saint Lucia
91%
642 Trinidad ja Tobago
91%
688 Dominikaaninen tasavalta
82%
500 Grenada
82%
1317 Kuuba
82%
68 Saint Kitts ja Nevis
82%
409 Saint Vincent ja Grenadiinit
73%
1230 Bahama
55%
696 Venezuela
36%
966 Guyana
27%
1338 Suriname
18%
998 Aruba
9%
1318 Brasilia
9%
1134 Kolumbia
9%
923 Curaçao
0%
126 Sint Maarten
0%
Ehtoja vastaavia visoja ei löytynyt
Tulosjakauma
Jokaisen tuloksen saaneiden osuus
Persentiili vastausten määrän mukaan
Tuloshistoriasi
Et ole pelannut tätä visaa